000 00605nam a2200229Ia 4500
008 160803s9999 xx 000 0 und d
020 _a978-1613833599
100 _aArnold, Caroline
245 2 _aA warmer world :
245 _cCaroline Arnold ; illustrated by Jamie Hogan.
260 _aNew York :
260 _bScholastic Inc.
260 _c2012
300 _a31 pages :
300 _bcolor illustration ;
300 _c26 cm
650 _aClimatic changes --
650 _aGlobal warming --
650 _xJuvenile literature.
650 _xJuvenile literature.
700 _a1110
999 _c298326
_d298326